000 00660nam a22002177a 4500
999 _c7467
_d7467
001 7467
003 BD-JhCC
005 20180210170654.0
008 180210b2008 bg ||||| |||| 00| 0 ben d
035 _a(BD-JhCC)
040 _aBD-JhCC
_dBD-JhCC
041 _aben
082 _a320
_bJAH 2008
100 _aজাহাঙ্গীর, মুহাম্মদ
245 _aওয়ান ইলেভেন /
_c মুহাম্মদ জাহাঙ্গীর
260 _aঢাকা :
_bঅনন্যা প্রকাশনী
_c2008
300 _a159 p. :
_c22 cm.
650 _aPolitics and goverment
942 _2ddc
_cBK